WAK 8 Konferenzbeiträge zur wissenschaftlichen Arbeitskonferenz der Sektion Wirtschaftsinformatik am 23. und 24. Juni 1987

Na minha lista:
Detalhes bibliográficos
Formato: Livro
Idioma:alemão
Publicado em: Berlin Hochschule für Ökonomie "Bruno Leuschner" 1987
Edição:1. Aufl.
Colecção:Ausgabe A Heft 70
Tags: Adicionar Tag
Sem tags, seja o primeiro a adicionar uma tag!

MARC

LEADER 00000nam a2200000 4500
001 c026558
005 20221219111413.9
041 0 |a ger 
044 |a DE 
245 1 0 |a WAK 8  |b Konferenzbeiträge zur wissenschaftlichen Arbeitskonferenz der Sektion Wirtschaftsinformatik am 23. und 24. Juni 1987 
250 |a 1. Aufl. 
264 1 |a Berlin  |b Hochschule für Ökonomie "Bruno Leuschner"  |c 1987 
300 |a 337 s. 
490 1 |a Ausgabe A  |v Heft 70 
830 0 |a Ausgabe A  |v Heft 70